000 02238cam a22004574a 4500
001 110761
005 20230410130543.0
008 100210s2010 ilu b 001 0 eng c
035 _a16092494
010 _a 2010005836
020 _a9780226451886 (cloth : alk. paper)
020 _a9780226451893 (pbk. : alk. paper)
020 _a0226451887 (cloth : alk. paper)
020 _a0226451895 (pbk. : alk. paper)
040 _aICU/DLC
_cDLC
042 _apcc
043 _af-sa---
050 1 4 _aPN 1992.3
_bK89s 2010
082 0 0 _a302.2
100 1 _aKrabill, Ron.
245 1 0 _aStarring Mandela and Cosby :
_bmedia and the end(s) of apartheid /
_cRon Krabill.
260 _aChicago ;
_aLondon :
_bThe University of Chicago Press,
_cc2010.
300 _axiv, 199 p. ;
_c24 cm.
504 _aIncludes bibliographical references (p. [167]-188) and index.
505 0 _aMedia, democratization, and the end(s) of apartheid -- Structured absences and communicative spaces -- In the absence of television -- "They stayed til the flag streamed" -- Surfing into Zulu -- Living with the Huxtables in a state of emergency -- I may not be a freedom fighter, but I play one on TV -- Television and the afterlife of apartheid.
630 0 0 _aCosby show (Television program : 1984-1992)
_xInfluence.
650 0 _aTelevision broadcasting
_xSocial aspects
_zSouth Africa
_xHistory
_y20th century.
650 0 _aTelevision and politics
_zSouth Africa
_xHistory
_y20th century.
650 0 _aTelevision viewers
_zSouth Africa
_xAttitudes
_xHistory
_y20th century.
650 0 _aWhites
_zSouth Africa
_xAttitudes
_xHistory
_y20th century.
650 0 _aMass media and race relations
_zSouth Africa
_xHistory
_y20th century.
650 0 _aApartheid
_zSouth Africa.
650 4 _aLa radiodifusion televisiva
_xAspectos sociales
_zSudáfrica
_xHistoria
_ySiglo 20.
650 4 _aLa televisión y política
_zSudáfrica
_xActitudes
_xHistoria
_ySiglo 20.
650 4 _aBlancos
_zSudáfrica
_zActitudes
_xHistoria
_ySiglo 20.
650 4 _aLos medios de comunicación y las relaciones raciales
_zSudáfrica
_ySiglo 20.
651 0 _aSouth Africa
_xRace relations
_xHistory
_y20th century.
942 _2lcc
_cbk
985 _aICUCIP
_d2010-02-15
946 _aYSL
999 _c76031
_d76031